Estatísticas para Capitais Aleatórias em um Mapa do Brasil

Clique aqui para jogar o quiz

Estatísticas Gerais

  • Esse quiz foi jogado 488 vezes
  • A pontuação média é 9 de 10

Respostas no mapa

Respostas codificadas por cores de uma escala verde-vermelha no mapa do quiz de acordo com a % correta abaixo.
 

Estatísticas das Respostas

Capital% Correto
Goiânia
100%
Rio de Janeiro
98%
Manaus
96%
Rio Branco
95%
Salvador
95%
São Paulo
95%
Belo Horizonte
92%
Brasília
92%
Curitiba
91%
Florianópolis
87%
Natal
87%
Campo Grande
85%
São Luís
85%
Fortaleza
84%
Palmas
84%
Porto Alegre
84%
Vitória
82%
Cuiabá
81%
Macapá
81%
Recife
79%
Belém
77%
Maceió
76%
Boa Vista
74%
Porto Velho
74%
Teresina
73%
João Pessoa
72%
Aracaju
71%

Distribuição das Pontuações

Percentil de Números Respondidos

Porcentagem de Pessoas com Cada Pontuação

Sua Pontuação Histórica

Você não jogou esse quiz